[Event "Rewal op-B 18th"]
[Site "Rewal"]
[Date "2013.08.29"]
[Round "9"]
[White "Prominski, Piotr"]
[Black "Biszof, Henryk"]
[Result "0-1"]
[WhiteElo "1796"]
[BlackElo "1730"]
[PlyCount "102"]
[EventDate "2013.08.20"]
[EventType "swiss"]
[EventRounds "9"]
[EventCountry "POL"]
[SourceTitle "CBM 156 Extra"]
[Source "ChessBase"]
[SourceDate "2013.10.22"]
[SourceVersion "1"]
[SourceVersionDate "2013.10.22"]
[SourceQuality "1"]

1. e4 c5 2. Nf3 Nc6 3. d4 cxd4 4. Nxd4 Nf6 5. Nc3 d6 6. g3 e5 7. Nb3 Be6 8. Bg2 Be7 9. 0-0 0-0 10. Re1 Nd7 11. Nd5 f5 12. Be3 fxe4 13. Bxe4 Nf6 14. Nxf6+ Bxf6 15. Qh5 g6 16. Bxg6 Qd7 17. Be4 Rf7 18. Qh6 Raf8 19. Rad1 b6 20. Rd2 d5 21. Red1 d4 22. c3 Bf5 23. Bg2 d3 24. g4 Bg6 25. g5 Bg7 26. Qh4 Ne7 27. Qc4 Rc8 28. Qh4 Nf5 29. Qg4 Nxe3 30. Qxd7 Rxd7 31. fxe3 Rf8 32. e4 Rf4 33. Re1 Rg4 34. Nc1 h5 35. Rxd3 Rxd3 36. Nxd3 Rxg5 37. Kf2 Bf7 38. Bf3 Bxa2 39. h4 Rg6 40. Nb4 Be6 41. Bxh5 Rh6 42. Bf3 Rxh4 43. Nd5 Rh2+ 44. Bg2 Bf7 45. Kg3 Rh8 46. Rf1 Kf8 47. Rf2 Ke8 48. Nc7+ Kd7 49. Nd5 Ke6 50. Bh3+ Kd6 51. Rd2 Rd8 0-1

[Event "Rewal op-B 15th"]
[Site "Rewal"]
[Date "2010.08.27"]
[Round "9"]
[White "Biszof, Henryk"]
[Black "Cichy, Kamil"]
[Result "1/2-1/2"]
[WhiteElo "1739"]
[BlackElo "1924"]
[PlyCount "111"]
[EventDate "2010.08.18"]
[EventType "swiss"]
[EventRounds "9"]
[EventCountry "POL"]
[SourceTitle "EXT 2014"]
[Source "ChessBase"]
[SourceDate "2013.11.20"]
[SourceVersion "1"]
[SourceVersionDate "2013.11.20"]
[SourceQuality "1"]

1. e4 c5 2. Nf3 d6 3. d4 Nf6 4. Nc3 cxd4 5. Nxd4 Nc6 6. Bg5 Qb6 7. Nb3 e6 8. Be3 Qc7 9. Bb5 Be7 10. 0-0 0-0 11. f4 a6 12. Bd3 b5 13. a3 Bb7 14. Nd2 Na5 15. Qe2 Rac8 16. Bf2 Nc4 17. Bxc4 bxc4 18. Na4 Nd7 19. Bd4 e5 20. fxe5 dxe5 21. Be3 Nc5 22. Nxc5 Bxc5 23. Nxc4 Bxe4 24. Bxc5 Qxc5+ 25. Ne3 f5 26. Kh1 f4 27. Ng4 Qxc2 28. Qxc2 Rxc2 29. Rf2 Rxf2 30. Nxf2 Bb7 31. Re1 Rc8 32. Kg1 Rc2 33. b4 Kf7 34. h3 Ke6 35. Nd3 Rxg2+ 36. Kf1 Rg3 37. Nc5+ Kf5 38. Nxb7 Rxa3 39. Nd6+ Ke6 40. Nc4 Rxh3 41. Rxe5+ Kd7 42. b5 axb5 43. Rxb5 Ke6 44. Kg2 Rg3+ 45. Kf2 g5 46. Nd2 g4 47. Rh5 Ra3 48. Rxh7 g3+ 49. Kg1 Ra1+ 50. Kg2 Ra2 51. Kf3 Rxd2 52. Kxf4 g2 53. Rg7 Kf6 54. Rg3 Rf2+ 55. Ke3 Ra2 56. Kf3 1/2-1/2

[Event "Rewal op-B 15th"]
[Site "Rewal"]
[Date "2010.08.24"]
[Round "5"]
[White "Biszof, Henryk"]
[Black "Miechowicz, Witold"]
[Result "0-1"]
[WhiteElo "1739"]
[BlackElo "1935"]
[PlyCount "92"]
[EventDate "2010.08.18"]
[EventType "swiss"]
[EventRounds "9"]
[EventCountry "POL"]
[SourceTitle "EXT 2014"]
[Source "ChessBase"]
[SourceDate "2013.11.20"]
[SourceVersion "1"]
[SourceVersionDate "2013.11.20"]
[SourceQuality "1"]

1. e4 e5 2. Nf3 Nf6 3. Nc3 Bb4 4. Bc4 d6 5. d3 h6 6. Bd2 c6 7. a3 Ba5 8. h3 0-0 9. 0-0 Be6 10. Ba2 a6 11. b4 Bc7 12. d4 Bxa2 13. Rxa2 exd4 14. Nxd4 d5 15. exd5 Nxd5 16. Nce2 Nd7 17. c4 N5f6 18. c5 Ne5 19. Bf4 Nd5 20. Bg3 Qd7 21. Rc2 Rad8 22. Qd2 Rfe8 23. Rd1 Qe7 24. Nf5 Qf6 25. Ned4 Rd7 26. Qc1 Red8 27. Rf1 Ne7 28. Rc3 Rxd4 29. Nxd4 Rxd4 30. Re1 Nd5 31. Rb3 Kf8 32. Qc2 g6 33. Qe2 Nf4 34. Qe3 Rc4 35. h4 g5 36. hxg5 hxg5 37. Qd2 Rd4 38. Qe3 Kg7 39. Kf1 Rd8 40. Bxf4 gxf4 41. Qe2 Rh8 42. Qc2 f3 43. gxf3 Rh1+ 44. Ke2 Rxe1+ 45. Kxe1 Nxf3+ 46. Kf1 Nd4 0-1

[Event "Rewal op-B 13th"]
[Site "Rewal"]
[Date "2008.08.23"]
[Round "5"]
[White "Zanin, Dario"]
[Black "Biszof, Henryk"]
[Result "0-1"]
[WhiteElo "2000"]
[BlackElo "1728"]
[PlyCount "62"]
[EventDate "2008.08.19"]
[EventType "swiss"]
[EventRounds "9"]
[EventCountry "POL"]
[SourceTitle "CBM 126 Extra"]
[Source "ChessBase"]
[SourceDate "2008.11.05"]
[SourceVersion "1"]
[SourceVersionDate "2008.11.05"]
[SourceQuality "1"]

1. e4 c5 2. Nf3 d6 3. d4 cxd4 4. Nxd4 Nf6 5. Nc3 a6 6. Be2 e5 7. Nb3 Be6 8. g4 h6 9. g5 hxg5 10. Bxg5 Be7 11. Qd2 Bxb3 12. axb3 Nc6 13. Be3 Rh4 14. f3 Rc8 15. Na4 Nd4 16. Bf1 Rxc2 17. Qd3 Rhxh2 18. Rxh2 Rxh2 19. Bxd4 exd4 20. Qxd4 Nh5 21. Be2 Bf6 22. Qg1 Qa5+ 23. Kd1 Bg5 24. Bb5+ Qxb5 25. Qxh2 Qf1+ 26. Kc2 Qxa1 27. Kc3 Qc1+ 28. Kb4 Bd2+ 29. Nc3 Qxb2 30. Qh1 Qxc3+ 31. Ka4 Qb4# 0-1

[Event "Rewal op-B 12th"]
[Site "Rewal"]
[Date "2007.08.23"]
[Round "1"]
[White "Biszof, Henryk"]
[Black "Swiech, Piotr"]
[Result "1-0"]
[WhiteElo "1704"]
[BlackElo "2031"]
[PlyCount "94"]
[EventDate "2007.08.23"]
[EventType "swiss"]
[EventRounds "9"]
[EventCountry "POL"]
[SourceTitle "CBM 120 Extra"]
[Source "ChessBase"]
[SourceDate "2007.11.01"]
[SourceVersion "1"]
[SourceVersionDate "2007.11.01"]
[SourceQuality "1"]

1. e4 c5 2. Nf3 Nc6 3. d4 cxd4 4. c3 dxc3 5. Nxc3 d6 6. Bc4 Nf6 7. 0-0 e6 8. Qe2 Be7 9. Rd1 e5 10. h3 0-0 11. Bg5 Be6 12. Bxe6 fxe6 13. Qc4 Qd7 14. Rac1 Rad8 15. Qb3 a6 16. a4 Nh5 17. Ne2 Rxf3 18. Qxf3 Bxg5 19. Qxh5 Bxc1 20. Rxc1 d5 21. Rd1 Qf7 22. Qg5 Qf6 23. Qg4 d4 24. Rd3 Nb4 25. Rf3 Qe7 26. Qh5 Qc7 27. Rg3 Na2 28. Qh6 Qd7 29. Qd2 d3 30. Nc3 Nxc3 31. bxc3 Qxa4 32. Rxd3 Rxd3 33. Qxd3 Qc6 34. f3 Qc7 35. c4 a5 36. Qb3 Kf7 37. Qa4 Qc5+ 38. Kh2 b5 39. Qxa5 bxc4 40. Qa7+ Kf6 41. Qd7 c3 42. Qd8+ Kg6 43. Qd7 Kf6 44. Qd8+ Kg6 45. Qe8+ Kf6 46. Qd8+ Kf7 47. Qd7+ Kf6 1-0

[Event "Rewal op 11th"]
[Site "Rewal"]
[Date "2006.08.29"]
[Round "11"]
[White "Suwara, Piotr"]
[Black "Biszof, Henryk"]
[Result "1/2-1/2"]
[WhiteElo "1741"]
[BlackElo "1704"]
[PlyCount "61"]
[EventDate "2006.08.21"]
[EventType "swiss"]
[EventRounds "11"]
[EventCountry "POL"]
[SourceTitle "EXT 2010"]
[Source "ChessBase"]
[SourceDate "2010.11.25"]
[SourceVersion "1"]
[SourceVersionDate "2010.11.25"]
[SourceQuality "1"]

1. e4 c5 2. d4 cxd4 3. c3 dxc3 4. Nxc3 Nc6 5. Nf3 d6 6. Bc4 e6 7. 0-0 a6 8. Qe2 Nf6 9. Rd1 Qc7 10. Bf4 e5 11. Bg5 Be7 12. Rac1 0-0 13. Nd5 Qd8 14. Qd2 Nxe4 15. Nxe7+ Nxe7 16. Qe3 Nxg5 17. Qxg5 h6 18. Qd2 Bg4 19. Qxd6 Qxd6 20. Rxd6 Bxf3 21. Rd7 b5 22. gxf3 bxc4 23. Rxe7 Rab8 24. Rc2 Rb5 25. Ra7 Ra5 26. Rxc4 Rxa2 27. Rc5 Rxb2 28. Rxe5 Ra2 29. Rd5 Rb8 30. Rdd7 Rf8 31. Rd6 1/2-1/2

[Event "Rewal op 11th"]
[Site "Rewal"]
[Date "2006.08.28"]
[Round "10"]
[White "Biszof, Henryk"]
[Black "Wach, Bartosz"]
[Result "1/2-1/2"]
[WhiteElo "1704"]
[BlackElo "1711"]
[PlyCount "87"]
[EventDate "2006.08.21"]
[EventType "swiss"]
[EventRounds "11"]
[EventCountry "POL"]
[SourceTitle "EXT 2010"]
[Source "ChessBase"]
[SourceDate "2010.11.25"]
[SourceVersion "1"]
[SourceVersionDate "2010.11.25"]
[SourceQuality "1"]

1. e4 Nf6 2. e5 Nd5 3. d4 d6 4. c4 Nb6 5. f4 dxe5 6. fxe5 Bf5 7. Nc3 e6 8. Nf3 Nc6 9. Be3 Qd7 10. h3 0-0-0 11. a3 f6 12. Be2 Na5 13. b3 c5 14. dxc5 Qxd1+ 15. Bxd1 Nd7 16. exf6 gxf6 17. Nd4 Bxc5 18. Nxf5 exf5 19. Bxc5 Nxc5 20. b4 Nd3+ 21. Kf1 Nxc4 22. Be2 Rhe8 23. Kg1 Ncb2 24. Kh2 Kb8 25. Bf3 Ne5 26. Rhf1 Rd3 27. Bh5 Ng6 28. Rab1 Rxc3 29. Rxb2 Re5 30. a4 a6 31. Bf3 Rce3 32. b5 axb5 33. axb5 Nh4 34. b6 Nxf3+ 35. Rxf3 Rxf3 36. gxf3 f4 37. Rg2 Kc8 38. Rg7 Re6 39. Rc7+ Kb8 40. Rxh7 Rxb6 41. Rh5 Rb2+ 42. Kg1 Rb1+ 43. Kg2 Rb2+ 44. Kg1 1/2-1/2

[Event "Rewal op 11th"]
[Site "Rewal"]
[Date "2006.08.26"]
[Round "7"]
[White "Costello, Colin"]
[Black "Biszof, Henryk"]
[Result "1-0"]
[WhiteElo "2021"]
[BlackElo "1704"]
[PlyCount "95"]
[EventDate "2006.08.21"]
[EventType "swiss"]
[EventRounds "11"]
[EventCountry "POL"]
[SourceTitle "EXT 2010"]
[Source "ChessBase"]
[SourceDate "2010.11.25"]
[SourceVersion "1"]
[SourceVersionDate "2010.11.25"]
[SourceQuality "1"]

1. c4 e5 2. g3 Nf6 3. Bg2 Bc5 4. Nc3 0-0 5. e3 d6 6. d4 exd4 7. exd4 Re8+ 8. Nge2 Bb4 9. 0-0 c6 10. a3 Bxc3 11. Nxc3 Bg4 12. Qc2 a5 13. Bg5 Nh5 14. Bd2 Nf6 15. Rfe1 Rxe1+ 16. Rxe1 Nbd7 17. Ne4 Bf5 18. Bc3 Bxe4 19. Bxe4 d5 20. Bd3 Nf8 21. Qe2 Ne6 22. Bf5 Ng5 23. Bd2 Nge4 24. Bf4 Nd6 25. Bxd6 Qxd6 26. c5 Qf8 27. Qe7 Qxe7 28. Rxe7 Rb8 29. Rc7 Ne8 30. Rc8 Rxc8 31. Bxc8 Nc7 32. Bxb7 Kf8 33. Bxc6 Ke7 34. b4 Ne6 35. Bxd5 Nxd4 36. bxa5 Kd7 37. a6 Nb5 38. a4 Na7 39. Kf1 f6 40. Ke2 Kc7 41. Kd3 Kb8 42. Bb7 Kc7 43. Kd4 Nc6+ 44. Bxc6 Kxc6 45. a7 Kb7 46. Kd5 Kxa7 47. Kd6 Kb7 48. Kd7 1-0

[Event "Rewal op 11th"]
[Site "Rewal"]
[Date "2006.08.25"]
[Round "6"]
[White "Biszof, Henryk"]
[Black "Heiler, Karl"]
[Result "0-1"]
[WhiteElo "1704"]
[BlackElo "1868"]
[PlyCount "83"]
[EventDate "2006.08.21"]
[EventType "swiss"]
[EventRounds "11"]
[EventCountry "POL"]
[SourceTitle "EXT 2010"]
[Source "ChessBase"]
[SourceDate "2010.11.25"]
[SourceVersion "1"]
[SourceVersionDate "2010.11.25"]
[SourceQuality "1"]

1. e4 d5 2. exd5 Nf6 3. d4 Qxd5 4. Nc3 Qa5 5. Nf3 Bg4 6. Bd2 c6 7. a3 Nbd7 8. Be2 e6 9. 0-0 Be7 10. h3 Bf5 11. Bc4 Qc7 12. Re1 0-0 13. Nh4 Bg6 14. Nxg6 hxg6 15. Bd3 c5 16. Nb5 Qc6 17. dxc5 Nxc5 18. Be3 Rfd8 19. Bxc5 Bxc5 20. Qe2 Nh5 21. b4 Nf4 22. Qe4 Bxf2+ 23. Kxf2 Nxd3+ 24. cxd3 Qxb5 25. Red1 Rd5 26. Rd2 Rad8 27. d4 Qc6 28. Qe3 Qd6 29. Rad1 Qh2 30. Rf1 Rf5+ 31. Ke1 Rxf1+ 32. Kxf1 Rd5 33. Qe4 Qc7 34. Rc2 Qd8 35. Kg1 Rxd4 36. Qxb7 Rd1+ 37. Kh2 Qd6+ 38. g3 Rd2+ 39. Rxd2 Qxd2+ 40. Kg1 Qe1+ 41. Kg2 Qe2+ 42. Kg1 0-1

[Event "Rewal op 11th"]
[Site "Rewal"]
[Date "2006.08.23"]
[Round "3"]
[White "Biszof, Henryk"]
[Black "Matuszczyk, Przemyslaw"]
[Result "0-1"]
[WhiteElo "1704"]
[BlackElo "1921"]
[PlyCount "76"]
[EventDate "2006.08.21"]
[EventType "swiss"]
[EventRounds "11"]
[EventCountry "POL"]
[SourceTitle "EXT 2010"]
[Source "ChessBase"]
[SourceDate "2010.11.25"]
[SourceVersion "1"]
[SourceVersionDate "2010.11.25"]
[SourceQuality "1"]

1. e4 c6 2. d4 d5 3. exd5 cxd5 4. Nf3 Nf6 5. Nc3 Nc6 6. Bb5 Bg4 7. h3 Bxf3 8. Qxf3 e6 9. Bg5 Be7 10. 0-0 0-0 11. Bxc6 bxc6 12. Qd3 h6 13. Be3 Nd7 14. Qe2 c5 15. dxc5 Nxc5 16. Rad1 Qa5 17. Bd4 Rfe8 18. Qg4 Bf8 19. a3 Nd7 20. Rfe1 Qd8 21. Qg3 a6 22. f4 Qc7 23. Kh1 g6 24. Qg4 Bg7 25. Bxg7 Kxg7 26. f5 Nf6 27. Qd4 gxf5 28. Re5 Qa7 29. Qh4 Ne4 30. Nxe4 dxe4 31. g4 f6 32. gxf5 fxe5 33. Rg1+ Kh7 34. Rg6 Qe3 35. Qf6 Qxh3+ 36. Kg1 Qe3+ 37. Kh1 Ra7 38. fxe6 Qf3+ 0-1

[Event "Rewal op 11th"]
[Site "Rewal"]
[Date "2006.08.21"]
[Round "1"]
[White "Biszof, Henryk"]
[Black "Pazdziora, Michal"]
[Result "0-1"]
[WhiteElo "1704"]
[BlackElo "2191"]
[PlyCount "70"]
[EventDate "2006.08.21"]
[EventType "swiss"]
[EventRounds "11"]
[EventCountry "POL"]
[SourceTitle "EXT 2010"]
[Source "ChessBase"]
[SourceDate "2010.11.25"]
[SourceVersion "1"]
[SourceVersionDate "2010.11.25"]
[SourceQuality "1"]

1. e4 c5 2. Nf3 Nc6 3. d4 cxd4 4. Nxd4 Qb6 5. Nc3 Qxd4 6. Bd3 Qb6 7. 0-0 e6 8. a3 a6 9. Rb1 Nf6 10. Be3 Qc7 11. f4 d6 12. Ne2 Ng4 13. Bf2 b5 14. h3 Nxf2 15. Rxf2 Be7 16. Kh1 Bb7 17. b4 Bf6 18. c3 e5 19. Rc1 exf4 20. Nxf4 Ne5 21. Nh5 Qe7 22. Nxf6+ gxf6 23. c4 bxc4 24. Bxc4 Rc8 25. Qa4+ Qd7 26. Qb3 d5 27. Rxf6 Rxc4 28. Rxc4 dxc4 29. Qc3 Qe7 30. Rf4 Rg8 31. Rf5 f6 32. Qd4 Rg3 33. Kh2 Qg7 34. Qf2 Rg6 35. Qe2 Rxg2+ 0-1

[Event "Brandenburg Seniors op 13th"]
[Site "Rowy"]
[Date "2004.06.26"]
[Round "5"]
[White "Fietzek, Georg"]
[Black "Biszof, Henryk"]
[Result "0-1"]
[WhiteElo "1825"]
[BlackElo "1523"]
[PlyCount "29"]
[EventDate "2004.06.21"]
[EventType "swiss"]
[EventRounds "9"]
[EventCountry "POL"]
[SourceTitle "EXT 2006"]
[Source "ChessBase"]
[SourceDate "2005.11.24"]
[SourceVersion "1"]
[SourceVersionDate "2005.11.24"]
[SourceQuality "1"]

1. e4 c5 2. Nf3 Nc6 3. d4 cxd4 4. Nxd4 Nf6 5. Nc3 a6 6. f4 d6 7. Be2 e6 8. Be3 Be7 9. 0-0 0-0 10. Bf3 Qc7 11. Nde2 b5 12. Ng3 Bb7 13. Nce2 Rad8 14. c3 e5 15. f5 0-1

[Event "Brandenburg Seniors op 13th"]
[Site "Rowy"]
[Date "2004.06.25"]
[Round "4"]
[White "Biszof, Henryk"]
[Black "Petersohn, Horst"]
[Result "1-0"]
[WhiteElo "1523"]
[BlackElo "1691"]
[PlyCount "49"]
[EventDate "2004.06.21"]
[EventType "swiss"]
[EventRounds "9"]
[EventCountry "POL"]
[SourceTitle "EXT 2006"]
[Source "ChessBase"]
[SourceDate "2005.11.24"]
[SourceVersion "1"]
[SourceVersionDate "2005.11.24"]
[SourceQuality "1"]

1. e4 c5 2. Nf3 Nc6 3. d4 cxd4 4. Nxd4 e6 5. Be2 a6 6. Nc3 Nge7 7. 0-0 Nxd4 8. Qxd4 Nc6 9. Qd1 b5 10. a3 Qc7 11. Be3 Be7 12. f4 d6 13. Qd2 Bb7 14. Rad1 0-0 15. f5 Ne5 16. Qe1 Bf6 17. Qg3 Kh8 18. Bf4 Rac8 19. Kh1 Rg8 20. Qh3 Qe7 21. Bd3 Rc5 22. Rde1 exf5 23. exf5 Qd7 24. Re3 Nxd3 25. Qxh7+ 1-0

[Event "Brandenburg Seniors op 12th"]
[Site "Rowy"]
[Date "2003.06.22"]
[Round "6"]
[White "Biszof, Henryk"]
[Black "Kocik, Genowefa"]
[Result "1-0"]
[WhiteElo "1600"]
[BlackElo "1600"]
[PlyCount "72"]
[EventDate "2003.06.??"]
[EventType "swiss"]
[EventRounds "9"]
[EventCountry "POL"]
[SourceTitle "EXT 2006"]
[Source "ChessBase"]
[SourceDate "2005.11.24"]
[SourceVersion "1"]
[SourceVersionDate "2005.11.24"]
[SourceQuality "1"]

1. e4 e5 2. Nf3 Nc6 3. Bc4 Nd4 4. Nxe5 Qg5 5. Bxf7+ Kd8 6. Qh5 Qxg2 7. Rf1 Qxe4+ 8. Kd1 Qxc2+ 9. Ke1 Qe4+ 10. Kd1 Qc2+ 11. Ke1 Qxc1+ 12. Qd1 Qxb2 13. Bb3 Nxb3 14. Nf7+ Ke8 15. axb3 Qxa1 16. f4 Nf6 17. Nxh8 d6 18. Qe2+ Be7 19. Qd3 Bd7 20. Rg1 Qa6 21. Qe3 Ng4 22. Qe4 Qb6 23. Rg2 Qc6 24. Qxh7 Kd8 25. Qg8+ Be8 26. Rxg4 Qc1+ 27. Ke2 Qxb1 28. Rxg7 Qe4+ 29. Kd1 Qf3+ 30. Kc2 Qc6+ 31. Kb1 Qe4+ 32. Kc1 Kd7 33. Rh7 b6 34. Qg7 Qe1+ 35. Kc2 Qe4+ 36. Kc1 a5 1-0

[Event "Brandenburg Seniors op 12th"]
[Site "Rowy"]
[Date "2003.06.20"]
[Round "4"]
[White "Biszof, Henryk"]
[Black "Satka, Martin"]
[Result "1/2-1/2"]
[WhiteElo "1600"]
[BlackElo "1271"]
[PlyCount "66"]
[EventDate "2003.06.??"]
[EventType "swiss"]
[EventRounds "9"]
[EventCountry "POL"]
[SourceTitle "EXT 2006"]
[Source "ChessBase"]
[SourceDate "2005.11.24"]
[SourceVersion "1"]
[SourceVersionDate "2005.11.24"]
[SourceQuality "1"]

1. e4 b6 2. d4 Bb7 3. Nc3 e6 4. Bd3 g6 5. Be3 Bg7 6. Nge2 f5 7. f3 fxe4 8. fxe4 Nc6 9. a3 Bh6 10. Qd2 Qh4+ 11. g3 Bxe3 12. Qxe3 Qh6 13. Qf2 0-0-0 14. 0-0 Nge7 15. b4 Rdf8 16. Qg2 Qe3+ 17. Kh1 Nxd4 18. Nxd4 Qxd4 19. Nb5 Qe5 20. Nxa7+ Kb8 21. Nb5 c6 22. Rxf8+ Rxf8 23. Rf1 Nf5 24. Nd6 Qxd6 25. exf5 exf5 26. Kg1 c5 27. Qe2 cxb4 28. axb4 Qd5 29. Kf2 Qg2+ 30. Ke1 Qxe2+ 31. Kxe2 Bg2 32. Rf2 Re8+ 33. Kd2 Be4 1/2-1/2

[Event "Brandenburg-ch Seniors 09th"]
[Site "Rowy"]
[Date "2001.06.25"]
[Round "7"]
[White "Biszof, Henryk"]
[Black "Becker, Guenter"]
[Result "1-0"]
[WhiteElo "1800"]
[BlackElo "1483"]
[PlyCount "51"]
[EventDate "2001.06.??"]
[EventType "swiss"]
[EventRounds "7"]
[EventCountry "POL"]
[SourceTitle "EXT 2006"]
[Source "ChessBase"]
[SourceDate "2005.11.24"]
[SourceVersion "1"]
[SourceVersionDate "2005.11.24"]
[SourceQuality "1"]

1. e4 g6 2. d4 Bg7 3. Nf3 e6 4. Bd3 Nf6 5. Bg5 h6 6. Bxf6 Bxf6 7. e5 Bg7 8. Bc4 0-0 9. Nc3 c6 10. a4 Qb6 11. Rb1 Qb4 12. Qd3 d5 13. exd6 Qxd6 14. 0-0 Nd7 15. Ne4 Qe7 16. Rfe1 a6 17. Ra1 Rd8 18. Qe3 Qb4 19. b3 Nf6 20. c3 Qe7 21. h3 Nd5 22. Rec1 Nb6 23. Be2 e5 24. a5 Nd7 25. Bc4 exd4 26. cxd4 1-0

[Event "Brandenburg-ch Seniors 09th"]
[Site "Rowy"]
[Date "2001.06.24"]
[Round "6"]
[White "Krawcewicz, Lucyna"]
[Black "Biszof, Henryk"]
[Result "1-0"]
[WhiteElo "2037"]
[BlackElo "1800"]
[PlyCount "59"]
[EventDate "2001.06.??"]
[EventType "swiss"]
[EventRounds "7"]
[EventCountry "POL"]
[SourceTitle "EXT 2006"]
[Source "ChessBase"]
[SourceDate "2005.11.24"]
[SourceVersion "1"]
[SourceVersionDate "2005.11.24"]
[SourceQuality "1"]

1. d4 Nf6 2. Nc3 e6 3. e4 Bb4 4. Bd3 d6 5. Nf3 c5 6. 0-0 cxd4 7. Nxd4 Bxc3 8. bxc3 h6 9. Ba3 a6 10. f4 e5 11. fxe5 dxe5 12. Nb3 Ng4 13. Qf3 Nf6 14. Qg3 Nbd7 15. Qxg7 Rg8 16. Qxh6 Ng4 17. Qh7 Ngf6 18. Qh4 b6 19. h3 b5 20. Rad1 Qb6+ 21. Kh2 Bb7 22. Bb4 Qe6 23. Nc5 Nxc5 24. Rxf6 Qc8 25. Qh7 Rf8 26. Rdf1 Bxe4 27. Bxe4 Ra7 28. Bc6+ Nd7 29. Bxf8 Kd8 30. Rd1 1-0

[Event "Brandenburg-ch Seniors 09th"]
[Site "Rowy"]
[Date "2001.06.19"]
[Round "2"]
[White "Neubert, Gerhard"]
[Black "Biszof, Henryk"]
[Result "1-0"]
[WhiteElo "2000"]
[BlackElo "1800"]
[PlyCount "81"]
[EventDate "2001.06.??"]
[EventType "swiss"]
[EventRounds "7"]
[EventCountry "POL"]
[SourceTitle "EXT 2006"]
[Source "ChessBase"]
[SourceDate "2005.11.24"]
[SourceVersion "1"]
[SourceVersionDate "2005.11.24"]
[SourceQuality "1"]

1. e4 c5 2. Nf3 d6 3. d4 cxd4 4. Nxd4 Nf6 5. Nc3 e6 6. Be3 a6 7. a4 Nc6 8. Be2 Be7 9. 0-0 0-0 10. f4 Ne8 11. Bf3 Nxd4 12. Bxd4 f6 13. Qd3 e5 14. Be3 Be6 15. f5 Bf7 16. a5 Qc8 17. Nd5 Bxd5 18. exd5 Bd8 19. c4 b6 20. axb6 Rb8 21. c5 dxc5 22. d6 Nxd6 23. Qxd6 Bxb6 24. Qe6+ Kh8 25. Qxc8 Rfxc8 26. Rxa6 Bd8 27. Bc1 Rb4 28. Bd5 c4 29. Rc6 Bb6+ 30. Kh1 Rxc6 31. Bxc6 Bd4 32. Bd5 h6 33. h3 Kh7 34. Kh2 Kh8 35. Rf3 e4 36. Ra3 Be5+ 37. Kg1 c3 38. Ra8+ Kh7 39. Bg8+ Kh8 40. bxc3 Rb1 41. Ba2+ 1-0